Leasing 1992: Příležitost pro každého.
Vysoká dynamika netradičných foriem financovania nových investícií dlhodobého prenájmu strojov a zariadení a iného investičného tovaru - leasingu. Základné príčiny tejto vysokej dynamiky. Charakteristika odpisovej politiky a daňových podmienok leasingu.
Enregistré dans:
| Auteur principal: | |
|---|---|
| Format: | Chapitre de livre |
| Langue: | tchèque |
| Sujets: | |
| Tags: |
Pas de tags, Soyez le premier à ajouter un tag!
|
MARC
| LEADER | 00000naa a2200000 4500 | ||
|---|---|---|---|
| 001 | r007182 | ||
| 005 | 20220831083759.6 | ||
| 041 | 0 | |a cze | |
| 044 | |a [CS] | ||
| 245 | 1 | 0 | |a Leasing 1992: Příležitost pro každého. |c V. Válek |
| 520 | |a Vysoká dynamika netradičných foriem financovania nových investícií dlhodobého prenájmu strojov a zariadení a iného investičného tovaru - leasingu. Základné príčiny tejto vysokej dynamiky. Charakteristika odpisovej politiky a daňových podmienok leasingu. | ||
| 610 | 2 | 0 | |a lízing |
| 610 | 2 | 0 | |a odpisy |
| 610 | 2 | 0 | |a dane |
| 610 | 2 | 0 | |a financovanie investícií |
| 610 | 2 | 0 | |a ČSFR |
| 100 | 1 | |a Válek, V. | |